1966 1464 1467 1490 1934 1966 1443 1187 1556 1206 1253 1503 1731 1444 1952 1571 1123 1434 1525 1439 1075 1367 1361 1593 1549 1410 1718 1804 1964 1806 1985 1833 1413 1699 1189 1396 1542 1783 1318 1821 1174 1669 1144 1341 1720 1022 1524 1813 1120 1876 1649 1575 1036 1093 1733 1220 1146 1800 1361 1399 1287 1785 1276 1750 1107 1708 1899 1947 1641 1288 1956 1281 1397 1392 1222 1839 1213 1322 1219 1887 1698 1083 1878 1530 1070 1892 1327 1127 1254 1482 1311 1987 1944 1013 1380 1491 1495 1673 1605 BCNSPRNW ULIB Ver.6.0+V

เปลี่ยนเป็นภาษาไทย

Change to English
 แสดงรายละเอียดบรรณานุกรม
  กลับหน้าหลัก

Brief Record : Get Marc (ISO 2709) : E-mail record : QR code < ปิดหน้าต่าง
LEADER : 00000nam 2200000uu 4500
001    13399110743
003     ULIB
008    110608s2549||||th 000 0 tha d
020    9789749479810
060 04 WS105^bป618น 2549
100 0  ปิ่นอนงค์ วัชรปาณ
245 10 น้องเดียว Reality Show /^cปิ่นอนงค์ วัชรปาณ
250    พิมพ์ครั้งที่ 1
260    กรุงเทพฯ :^bเวิร์คพอยท์,^c2549
300    135 หน้า :^bภาพประกอบ
650  7 เด็ก^xการดูแล
650  7 จิตวิทยาเด็ก
995    ทศพร
999 ^a ใช้งานได้ทุกระบบ
รายการนี้ยังไม่มีแท็ก
คุณยังไม่ได้ล็อกอิน คุณสามารถมีกิจกรรมร่วมกับเว็บไซต์ได้ แต่ต้องล็อกอินก่อน ::
  ล็อกอิน

รายการสื่อสารสนเทศ

ลำดับที่ ประเภท เลขเรียก/บาร์โค้ด สถานที่ สถานะ
- ไม่พบข้อมูล -

รายการใกล้เคียง
    หัวเรื่อง [เด็ก การดูแล]
    หัวเรื่อง [จิตวิทยาเด็ก]

BibComment


ยังไม่เคยถูกคอมเมนท์

คอมเมนท์ทรัพยากรรายการนี้
  คอมเมนท์: น้องเดียว Reality..


 Copyright 2026. Bcnsprnw @Library